000 00388nam a2200145Ia 4500
008 230917s9999||||xx |||||||||||||| ||und||
040 _e41569
_aMAIN
041 _aEnglish
082 _a942 H989B
100 _aHyam, Ronald
245 0 _aBritain's imperial century 1815-1914: a study of empire and expansion
260 _aLondon
_bB T Batsford
_c1976
300 _a462 p.
942 _cBK
999 _c195424
_d195424